Faktory externého prostredia pôsobiace na riadenie ľudských zdrojov v podniku

Gespeichert in:
Bibliographische Detailangaben
1. Verfasser: Demjanová, Lucia, 1981-
Format: Buchkapitel
Sprache:Slowakisch
Tags: Tag hinzufügen
Keine Tags, Fügen Sie das erste Tag hinzu!

MARC

LEADER 00000naa$a2200000$$$4500
001 0105195
005 20240502072146.5
041 0 |a slo 
044 |a SK 
245 1 0 |a Faktory externého prostredia pôsobiace na riadenie ľudských zdrojov v podniku  |c Lucia Demjanová 
100 1 |a Demjanová, Lucia, 1981-